Central Library OPAC University of Rajshahi

গনতন্ত্র এবং উন্নয়নের চ্যালেঞ্জ : (Record no. 39518)

MARC details
000 -LEADER
fixed length control field 01220nam a2200253 a 4500
001 - CONTROL NUMBER
control field 39518
003 - CONTROL NUMBER IDENTIFIER
rucl marc code BD-RjUL
005 - DATE AND TIME OF LATEST TRANSACTION
control field 20211209053016.0
008 - FIXED-LENGTH DATA ELEMENTS--GENERAL INFORMATION
fixed length control field 160412r20062000bg |||| |||| 001 0 ben d
020 ## - INTERNATIONAL STANDARD BOOK NUMBER
International Standard Book Number 9840502255
Terms of availability : TK. 325.00
035 ## - SYSTEM CONTROL NUMBER
System control number (BD-RjUL)39631
040 ## - CATALOGING SOURCE
Original cataloging agency BD-RjUL
Language of cataloging ben
Transcribing agency BD-RjUL
041 ## - LANGUAGE CODE
Language code of text/sound track or separate title ben
082 ## - DEWEY DECIMAL CLASSIFICATION NUMBER
Edition number 23
Classification number 327.5492
Author mark and year AHG 2006
100 ## - MAIN ENTRY--PERSONAL NAME
Personal name আহমেদ, মওদুদ.
9 (RLIN) 121765
245 ## - TITLE STATEMENT
Title গনতন্ত্র এবং উন্নয়নের চ্যালেঞ্জ :
Remainder of title প্রেক্ষাপট বাংলাদেশের রাজনীতি এবং সামরিক শাসন /
Statement of responsibility, etc. মওদুদ আহমেদ ; জগলুল আলম
260 ## - PUBLICATION, DISTRIBUTION, ETC. (IMPRINT)
Place of publication, distribution, etc. ঢাকা :
Name of publisher, distributor, etc. দি ইউনিভার্সিটি প্রেস লিমিটেড,
Date of publication, distribution, etc. ২০০০ [২য় মুদ্রণ ২০০৬]
300 ## - PHYSICAL DESCRIPTION
Pagination xv, ৩৮৪ পৃ. ;
Size ২১ সেমি.
505 ## - FORMATTED CONTENTS NOTE
Formatted contents note নির্ঘন্ট সংযুক্ত
650 ## - SUBJECT ADDED ENTRY--TOPICAL TERM
Topical term or geographic name as entry element সামরিক শাসন
Geographic subdivision বাংলাদেশ
9 (RLIN) 121777
Topical term or geographic name as entry element Military Interventions
Geographic subdivision Bangladesh
9 (RLIN) 121778
700 ## - ADDED ENTRY--PERSONAL NAME
Personal name আলম, জগলুল.
942 ## - ADDED ENTRY ELEMENTS (KOHA)
Source of classification or shelving scheme Dewey Decimal Classification
Koha item type Books
Holdings
Lost status Source of classification or shelving scheme Damaged status Not for loan Collection code Permanent Location Current Location Shelving location Date acquired Source of acquisition Cost, normal purchase price Total Checkouts Full call number Date last seen Copy number Koha item type Date checked out
  Dewey Decimal Classification   Not For Loan Non-fiction Central Library, University of Rajshahi Central Library, University of Rajshahi Reading Room 23/12/2013 Prothoma prokashon, Dhaka 325.00   B 327.5492 AHG 2006 12/04/2016 C-1 Books  
  Dewey Decimal Classification     Non-fiction Central Library, University of Rajshahi Central Library, University of Rajshahi   23/12/2013 Prothoma prokashon, Dhaka 325.00 1 B 327.5492 AHG 2006 24/02/2019 C-2 Books 03/02/2019
  Dewey Decimal Classification     Non-fiction Central Library, University of Rajshahi Central Library, University of Rajshahi   23/12/2013 Prothoma prokashon, Dhaka 325.00   B 327.5492 AHG 2006 12/04/2016 C-3 Books